Statistiques concernant Les albums de Tintin par année de sortie

Cliquez ici pour prendre le quiz!

Statistiques générales

  • Ce quiz a été pris 11 fois
  • Le résultat moyen est 13 sur 24

Statistiques - réponses

HintRéponse% Correct
Tintin au Pays des Soviets1929
100%
Tintin et l'Alph-Art1986
100%
Tintin au Congo1931
78%
Tintin en amérique1932
78%
Les Cigares du Pharaon1934
78%
Tintin et les Picaros1976
78%
Les Bijoux de la Castafiore1963
67%
Vol 714 pour Sidney1968
67%
Le Lotus Bleu1936
56%
L'Oreille cassée1937
56%
Le Crabe aux pinces d'or1941
56%
L'Etoile Mystérieuse1942
56%
Tintin au Tibet1960
56%
L'île Noire1938
44%
On a marché sur la Lune1954
44%
L'Affaire Tournesol1956
44%
Coke en Stock1958
44%
Le Sceptre d'Ottokar1939
33%
Le Secret de la Licorne1943
33%
Les 7 Boules de cristal1948
22%
Tintin au pays de l'Or Noir1950
22%
Objectif Lune1953
22%
Le Trésor de Rackham le Rouge1943
11%
Le Temple du Soleil1949
11%

Distribution des résultats

Percentile par nombre de réponses

% des personnes avec chaque résultat

Votre développement - résultats

Vous n’avez pas pris ce quiz